00363 2200157 4500001002100000005001500021035002000036245003200056100001000088250000600098300001600104260003900120082001100159084001700170020001800187INLIS00000000000003420260406022043 a0010-04260000341 aPojok Bermain Anak /cUmama0 aUmama a1 a205 :bIlus aYogyakarta :bStiletto Book,c2016 a372.21 a372.21 UMA p a9786027572461